Selections from Words worth / (Record no. 186814)
[ view plain ]
| 000 -LEADER | |
|---|---|
| fixed length control field | 01117 a2200169 4500 |
| 003 - CONTROL NUMBER IDENTIFIER | |
| control field | Nust |
| 005 - DATE AND TIME OF LATEST TRANSACTION | |
| control field | 20230120151922.0 |
| 040 ## - CATALOGING SOURCE | |
| Transcribing agency | Nust |
| 082 ## - DEWEY DECIMAL CLASSIFICATION NUMBER | |
| Classification number | 808.81,WEB |
| 100 ## - MAIN ENTRY--PERSONAL NAME | |
| Personal name | Webb,W T |
| 9 (RLIN) | 107267 |
| 245 ## - TITLE STATEMENT | |
| Title | Selections from Words worth / |
| Statement of responsibility, etc. | W T Webb M .A |
| 260 ## - PUBLICATION, DISTRIBUTION, ETC. | |
| Place of publication, distribution, etc. | London |
| Name of publisher, distributor, etc. | Macmillan |
| 300 ## - PHYSICAL DESCRIPTION | |
| Extent | 214:p |
| 505 ## - FORMATTED CONTENTS NOTE | |
| Formatted contents note | General Introduction (Page-ix), Poems- Lines written in Early Spring (Page-1), There was a boy (Page-2), Nutting (Page-3), Luey (Page-5), Hart-leap Well (Page-6),To the Cuckoo (Page-13), To a Butterfly (Page-15), To the Small Celandine (Page-16), On the Extiction of the Venetian Republic (Page-18), To the Daisy (Page-19), Stepping Westward (Page-21), Rob Roy;s Grave (Page-23), To the Men of kent (Page-27), The Daffodils (Page-27), The Affliction of Margaret (Page-28), To Sleep (Page-33), To a Sky lark (Page-34), The Primrose of the Rock (Page-36), It is a Beauteous Evening (Page-55), When I have born in Memory (Page-55), Ode to Duty (Page-61), Character of the Happy Warrior (Page-65), Personal Talk (Page-68), Admonition (Page-70). |
| 650 ## - SUBJECT ADDED ENTRY--TOPICAL TERM | |
| Topical term or geographic name entry element | Poetry |
| 9 (RLIN) | 29982 |
| 942 ## - ADDED ENTRY ELEMENTS (KOHA) | |
| Source of classification or shelving scheme | |
| Koha item type | Book |
| Withdrawn status | Lost status | Source of classification or shelving scheme | Damaged status | Not for loan | Permanent Location | Current Location | Date acquired | Full call number | Barcode | Date last seen | Price effective from | Koha item type | Public note |
|---|---|---|---|---|---|---|---|---|---|---|---|---|---|
| Military College of Signals (MCS) | Military College of Signals (MCS) | 12/12/2016 | 808.81,WEB | MCS29994 | 12/08/2016 | 12/12/2016 | Book | Almirah No.56, Shelf No.3 |
